Biography Quiz - Pablo Picasso - Statistics

General Stats
  • This quiz has been taken 44 times
  • The average score is 3 of 15
Answer Stats
Question Answer % Correct
Which of Picasso's paintings embodies the brutality of the Spanish Civil War? Guernica
57%
What style of painting did Picasso experiment along with Georges Braque? Cubism
43%
What painting was Picasso suspected of stealing in 1911? Mona Lisa
43%
How old was Picasso when he died? 91
29%
Where is the Picasso Museum opened in the spring of 1963? Barcelona
29%
Picasso was known for his powerful political inclinations. With which of these political movements was he associated? Communism
29%
Where was Pablo Picasso born in 1881? Malaga
29%
What painting was not made by Pablo Picasso? Café Terrace at Night
14%
What happened to Pablo's close friend Carlos Casagemas in 1901? He committed suicide
14%
What animal was Picasso's pet named Monina? Monkey
14%
Who was Picasso's first wife? Olga Khokhlova
14%
Who did Picasso claim as his one and only master? Paul Cezanne
14%
What was Picasso's birth last name? Ruiz
14%
What mythological creature was Picasso's favourite subject during the 1930s? Minotaur
0%
Which of Picasso's children became a well-known fashion designer? Paloma
0%
No matching quizzes found
Score Distribution
Percent of People with Each Score
Percentile by Number Answered
Your Score History
You have not taken this quiz